000 00481nam a2200145 a 4500
001 000029426
005 20200930055537.0
008 110415s2008 dr abc 000 0 spa d
040 _aDO-SdBNP
_bspa
_cBNPHU
082 _axxx
_bG575m
245 0 0 _aGobierno municipal de Santiago :
_bmemorias segundo año de gestión agosto 2007 - agosto 2008.
260 _aSanto Domingo. :
_bGobieno Municipal de Santiago,
_c2008.
300 _a157 p. :
_bil., mapas, retr. ;
_c29 cm.
049 _aBNPD
999 _c28918
_d28918